Za svojím chlebom

Bibliographic Details
Main Author: Palša, Vladimír (Author)
Format: Book
Language:Slovak
PhysicalDescription:349 strán fotografie 22 cm
Published: Prešov [Bardejov] Michal Vaško - Vydavateľstvo Literatura s.r.o. 2021
ISBN:9788081980473
Edition:Prvé vydanie
Subjects:

MARC

LEADER 00000cam a2200000 4500
001 vtls012064591
003 SK-MaSNL
005 20260301205835.0
008 210805s2021 xo o gr 010 j slo
015 |a SNBA2021/09 
020 |a 9788081980473  |q (viazané) 
040 |a SNK  |b slo  |c SNK  |e rda 
041 0 |a slo 
044 |a xo  |c SK 
072 7 |a 821.162.4-3  |x Slovenská próza  |2 konspekt 
080 |a 821.162.4-32  |2 2011 
080 |a 63  |2 2011 
080 |a (0:82-94)  |2 2011 
100 1 |a Palša, Vladimír  |4 aut  |9 592527 
245 1 0 |a Za svojím chlebom  |c Vladimír Palša 
250 |a Prvé vydanie 
264 1 |a Prešov  |b Michal Vaško - Vydavateľstvo  |a [Bardejov]  |b Literatura s.r.o.  |c 2021 
300 |a 349 strán  |b fotografie  |c 22 cm 
336 |a text  |b txt  |2 rdacontent 
337 |a bez média  |b n  |2 rdamedia 
338 |a zväzok  |b nc  |2 rdacarrier 
500 |a Vydalo Michal Vaško - Vydavateľstvo pre Literaturu s.r.o. 
650 0 7 |a poľnohospodárstvo  |2 SNKPH  |9 679 
650 0 7 |a Agriculture  |2 SNKPHeng  |9 265172 
655 7 |a slovenské príbehy  |2 SNKPH  |9 70494 
655 7 |a Slovak stories  |2 SNKPHeng  |9 277112 
655 7 |a autobiografické spomienky  |2 SNKPH  |9 70489 
655 7 |a Autobiographical reminiscences  |2 SNKPHeng  |9 302514 
919 |a 978-80-8198-047-3 
958 |a LX 
999 |c 911613  |d 913543 
952 |a SNK  |b SNK  |y PREZ  |7 0  |p 17A1456366  |o snkSC 193614  |i snk2021/9776  |8 0  |0 0  |1 0  |4 0  |d 2021-08-05  |f 1  |l 0  |r 2025-10-10 00:00:00  |w 2026-02-24 
952 |a SNK  |b SNK  |y VYP  |7 0  |p 17A1456367  |o snkSC 193614 D1  |i snk2021/9778  |8 0  |0 0  |1 0  |4 0  |d 2021-08-05  |l 0  |r 2026-02-24 07:46:16  |w 2026-02-24